000 00595nam a2200193 i 4500
001 23322
003 ES-MaACL
005 20250808012555.0
007 t|
008 021210s1951 sp ||||1| spa d
100 1 _aAlvarez, Pedro.
_920669
245 1 0 _aJuan Martín Díez, el Empecinado /
_cPedro Alvarez.
260 _aMadrid :
_bEditora Nacional,
_c1951 (
_fUguina)
300 _a163 p. ;
_c17 cm.
490 1 _aBreviarios de la vida española ;
_v44
830 0 0 _aBreviarios de la vida española
_v44
_9180821
852 _aES-MaACL
_jD-7925
_bR.31993
999 _c23322
_d23322